000 00769nam a22002417a 4500
003 KOHA_MİRAKIL
005 20260407083041.0
008 260401b tu ||||| |||| 00| 0 tur d
020 _a9789944757294
040 _aTR-AnABB
_btur
_cTR-AnABB
041 _atur
082 _a927.11
_bSUH 2010
100 1 _aSuher, Hande
245 1 0 _aKamu yararı'nı öncelikli gören bir yaşam öyküsü :
_bİnsanlar anıldıkça yaşar /
_cHande Suher
246 _aİnsanlar anıldıkça yaşar
250 _a1. baskı
260 _aİstanbul :
_bYem Yayınları,
_c2010
300 _a398 sayfa :
_bfotoğraf ;
_c20 cm
500 _aKaynakça vardır
650 0 4 _aBiyografi, Şehir planlamacıları
900 _bCan ÇELIK
942 _2ddc
_cBK
999 _c10135
_d10135